00491nam a2200169Ia 4500008004100000082000800041100002700049245004900076250000600125260002800131300001000159500002400169650001400193942000700207952009000214999001700304230524s9999 xx 000 0 und d bMOH aPitabas Mohanty942703 0aSpreadsheet Skills for Finance Professionals a1 aNew DelhibTaxmanc2016 a334p; aQuantity Number: 1 aEconomics cBK 00104070aTATCLbTATCLcGENd2023-05-24l0o MOHp54054r2023-05-24w2023-05-24yBK c57691d57691